Ekonomická psychológia a sociológia

Na minha lista:
Detalhes bibliográficos
Autor Corporativo: Vysoká škola ekonomická v Bratislave. Fakulta riadenia
Formato: Livro
Idioma:eslovaco
Publicado em: Bratislava VŠE 1988
Edição:2. vyd.
Tags: Adicionar Tag
Sem tags, seja o primeiro a adicionar uma tag!

MARC

LEADER 00000nam a2200000 4500
001 c025667
005 20221219091532.4
041 0 |a slo 
044 |a SK 
245 1 0 |a Ekonomická psychológia a sociológia 
250 |a 2. vyd. 
264 1 |a Bratislava  |b VŠE  |c 1988 
300 |a 216 s. 
710 2 |a Vysoká škola ekonomická v Bratislave. Fakulta riadenia